| 000 | 01265nam a22002417a 4500 | ||
|---|---|---|---|
| 008 | 230719s2023 xxk|||||o|||| 00| 0 eng d | ||
| 041 | _aeng | ||
| 110 | _aRoyal Institution of Chartered Surveyors | ||
| 245 | _aIndia Real Estate: Housing Conference | ||
| 260 |
_aNew Delhi _bRoyal Institution of Chartered Surveyors, _c3 August 2023 |
||
| 490 | _aRICS Conference | ||
| 500 | _aThis is a face-to-face event | ||
| 520 | _aThis conference will provide a platform for industry experts, academics, consultants, and government stakeholders to share their valuable insights on various topics such as policies, regulations, RERA, last mile funding, skills, redevelopment, futureproofing assets, and the use of technology. The aim is to address the challenges that the sector is facing and prepare a plan of action to tackle them effectively | ||
| 650 | _aHOUSING | ||
| 650 | _aLAST MILE FUNDING | ||
| 650 | _aPROPTECH | ||
| 650 | _aURBAN SPACES | ||
| 651 | _aIndia | ||
| 690 |
_96307 _aBuilt Environment |
||
| 710 | _aRoyal Institution of Chartered Surveyors | ||
| 856 |
_uhttps://www.rics.org/content/dam/ricsglobal/documents/event-programmes/India%20Real%20Estate%20and%20Housing%20Conference%20programme.pdf _zView the conference programme |
||
| 942 | _n0 | ||
| 999 |
_c121611 _d121611 |
||